000 00720nam a2200205Ii 4500
003 JO-AjNU
008 230605s9999||||xx |||||||||||||| ||und||
040 _aJO-AjNU
_bara
_erda
_cJO-AjNU
041 _aara
050 1 4 _aPJ6161.A2822 1986
100 3 _aمحمد أبو علي، محمد بركات,
_eauthor
_942529
245 0 0 _aمقدمة في دراسة البيان العربي
264 3 1 _aعمان: دار الفكر للنشر والتوزيع، 1986
300 _a191ص
336 _atext
_btxt
_2rdacontent
337 _aunmediated
_bn
_2rdamedia
338 _avolume
_bnc
_2rdacarrier
490 0 _aمكتبة الدراسات البلاغية 7
650 4 _aاللغة العربية-بلاغة
_942530
999 _aA18217
_c21785
_d21785